000 00597nam a2200241Ia 4500
003 OSt
005 20220924150311.0
006 a|||||r|||| 00| 0
007 ta
008 220923b |||||||| |||| 00| 0 tel d
020 _c60
024 _a332697
037 _cTextual
040 _aARTS
_cARTS
_btel
041 _2tel
_atel
082 _aO35,1M88:g, M7
100 _aRoopakamanjari
_9221812
245 0 _aManimanjari prachuranalu
260 _c1987
650 _aTELUGU POETRY
942 _hO35,1M88:g, M7
_cTEXL
_2CC
999 _c462911
_d462911